Introducción a la investigación de operaciones
I tiakina i:
| Ngā kaituhi matua: | , |
|---|---|
| Hōputu: | Pukapuka |
| Reo: | Pāniora |
| I whakaputaina: |
Cuernavaca
McGraw-Hill
2010
|
| Putanga: | 5a. ed |
| Ngā marau: | |
| Ngā Tūtohu: |
Tāpirihia he Tūtohu
Kāore He Tūtohu, Me noho koe te mea tuatahi ki te tūtohu i tēnei pūkete!
|
MARC
| LEADER | 00000cam a2200000 a 4500 | ||
|---|---|---|---|
| 001 | UCG5062 | ||
| 003 | CL-VaPUC | ||
| 008 | 101230e20100000MX |||||||||||||||||spa|d | ||
| 020 | |a 9786071503084 | ||
| 082 | 0 | 4 | |a 658.403 |b HIL |2 21 |
| 100 | |a Hillier, Frederick S |e author |9 574815 | ||
| 700 | 0 | |a Lieberman, Gerald J |e author |9 554600 | |
| 245 | 1 | 0 | |a Introducción a la investigación de operaciones |
| 250 | |a 5a. ed | ||
| 300 | |a 978 p | ||
| 942 | |c BK | ||
| 945 | |d 20101230 00:00:00 |a dcastane | ||
| 260 | |a Cuernavaca |b McGraw-Hill |c 2010 | ||
| 500 | |a De la 9a ed. en inglés | ||
| 650 | 0 | |a Toma de decisiones |9 257530 | |
| 650 | 0 | |a Programación lineal |9 23 | |
| 650 | 0 | |a Método Simplex |9 450538 | |
| 650 | 0 | |a Programación dinámica |9 324757 | |
| 650 | 0 | |a Teoría de juegos |9 263826 | |
| 650 | 0 | |a Cadenas de Markov |9 350699 | |
| 650 | 7 | |a TEORIA DE COLAS |2 CL-VaPUC |9 336936 | |
| 650 | 7 | |a TEORIA DE INVENTARIO |2 CL-VaPUC |9 427409 | |
| 583 | |a last modification |c 20130827 06:49:06 |k Rodrigo Vera | ||
| 999 | |c 343634 |d 343632 | ||
| 952 | |0 0 |1 0 |4 0 |6 658_403000000000000_HIL_2010 |7 0 |8 R |9 441073 |a BIBENE |b BIBENE |d 2019-11-22 |i 4744403 |l 1 |o 658.403 HIL 2010 |p 4744403 |r 2025-01-15 |s 2023-05-05 |w 2019-11-22 |y BK_R |k ICO | ||
| 952 | |0 0 |1 0 |2 ddc |4 0 |6 658_403000000000000_HIL_2010 |7 0 |8 A |9 441074 |a BIBING |b BIBING |c RES |d 2019-11-22 |i 4766792 |l 2 |o 658.403 HIL 2010 |p 4766792 |r 2025-01-20 |s 2024-10-11 |w 2019-11-22 |y BK |k TRA | ||
| 952 | |0 0 |1 0 |2 ddc |4 0 |6 658_403000000000000_HIL_2010 |7 0 |8 A |9 441075 |a BIBING |b BIBING |c RES |d 2019-11-22 |i 4766806 |l 5 |o 658.403 HIL 2010 |p 4766806 |r 2025-01-20 |s 2024-08-06 |w 2019-11-22 |y BK |k TRA | ||
| 952 | |0 0 |1 0 |2 ddc |4 0 |6 658_403000000000000_HIL_2010 |7 0 |8 A |9 441076 |a BIBING |b BIBING |c RES |d 2019-11-22 |i 4766814 |o 658.403 HIL 2010 |p 4766814 |r 2025-01-20 |w 2019-11-22 |y BK |k TRA | ||
| 952 | |0 0 |1 0 |3 erb |4 0 |6 658_403000000000000_HIL_2010 |7 0 |8 R |9 441077 |a BIBENE |b BIBENE |d 2019-11-22 |i 5004683 |l 6 |m 1 |o 658.403 HIL 2010 |p 5004683 |r 2025-01-15 |s 2023-05-04 |w 2019-11-22 |y BK_R |z Catalogado en:20130829 |k ICO | ||
| 952 | |0 0 |1 0 |3 erb |4 0 |6 658_403000000000000_HIL_2010 |7 0 |8 R |9 441078 |a BIBENE |b BIBENE |d 2019-11-22 |i 5004691 |l 3 |o 658.403 HIL 2010 |p 5004691 |r 2025-01-15 |s 2023-03-20 |w 2019-11-22 |y BK_R |z Catalogado en:20130829 |k ICO | ||
| 952 | |0 0 |1 0 |2 ddc |3 erb |4 0 |6 658_403000000000000_HIL_2010 |7 0 |8 A |9 441079 |a BIBING |b BIBING |c RES |d 2019-11-22 |i 5026474 |o 658.403 HIL 2010 |p 5026474 |r 2025-01-20 |w 2019-11-22 |y BK |z Catalogado en:20131111 |k TRA | ||
| 952 | |0 0 |1 0 |2 ddc |3 erb |4 0 |6 658_403000000000000_HIL_2010 |7 0 |8 A |9 441080 |a BIBING |b BIBING |c RES |d 2019-11-22 |i 5026482 |l 1 |m 2 |o 658.403 HIL 2010 |p 5026482 |r 2025-01-20 |s 2024-08-16 |w 2019-11-22 |y BK |z Catalogado en:20131111 |k TRA | ||
| 952 | |0 0 |1 0 |2 ddc |3 erb |4 0 |6 658_403000000000000_HIL_2010 |7 0 |8 A |9 441081 |a BIBING |b BIBING |c RES |d 2019-11-22 |i 5026490 |l 3 |o 658.403 HIL 2010 |p 5026490 |r 2025-01-20 |s 2023-09-07 |w 2019-11-22 |y BK |z Catalogado en:20131111 |k TRA | ||
| 952 | |0 0 |1 0 |2 ddc |3 erb |4 0 |6 658_403000000000000_HIL_2010 |7 0 |8 A |9 441082 |a BIBING |b BIBING |c RES |d 2019-11-22 |i 5026504 |o 658.403 HIL 2010 |p 5026504 |r 2025-01-20 |w 2019-11-22 |y BK |z Catalogado en:20131111 |k TRA | ||
| 952 | |0 0 |1 0 |2 ddc |3 erb |4 0 |6 658_403000000000000_HIL_2010 |7 0 |8 A |9 441083 |a BIBING |b BIBING |c RES |i 503311K |l 2 |o 658.403 HIL 2010 |p 503311K |r 2025-01-20 |s 2024-08-05 |w 2019-11-22 |y BK |z Catalogado en:20131206 |k TRA | ||
| 952 | |0 0 |1 0 |3 erb |4 0 |6 658_403000000000000_HIL_2010 |7 0 |8 R |9 441084 |a BIBGIM |b BIBGIM |i 5072980 |l 1 |o 658.403 HIL 2010 |p 5072980 |r 2025-01-15 |s 2024-06-07 |w 2019-11-22 |y BK_R |z Catalogado en:20140529 |k EST | ||
| 952 | |0 0 |1 0 |3 erb |4 0 |6 658_403000000000000_HIL_2010 |7 0 |8 R |9 441085 |a BIBGIM |b BIBGIM |i 5072999 |l 4 |o 658.403 HIL 2010 |p 5072999 |r 2025-04-08 |s 2025-04-07 |w 2019-11-22 |y BK_R |z Catalogado en:20140529 |k EST | ||